| 000 | 00530nam a2200193 a 4500 | ||
|---|---|---|---|
| 001 | 1773220478533 | ||
| 003 | YourLibrary | ||
| 005 | 20260311144732.0 | ||
| 008 | 260311s2009##################000#0#eng## | ||
| 020 | _a9780230606562 | ||
| 082 | 0 | 4 |
_a338.9675 _bKIM |
| 100 | 1 |
_aKimanuka, Oscar, _eauthor. |
|
| 245 | 1 | 0 | _aSub-Saharan Africa's Development Challenges : |
| 260 |
_bPalgrave MacMillan, _c2009. |
||
| 300 | _a200 pages | ||
| 650 | 0 | _aBusiness & Economics. | |
| 942 | _cENGLISH | ||
| 040 |
_aYourLibrary _beng _cYourLibrary |
||
| 999 |
_c617574 _d617574 |
||